000 00461nam a22001817a 4500
005 20251120120856.0
008 251120b |||||||| |||| 00| 0 eng d
020 _a978-981-3151-26-0
100 _aWILLEY, JOANNE M.
245 _aPRESCOTT'S MICROBIOLOGY
250 _a10TH ED
260 _aNEWYORK
_bMCGRAW HILL
_c2017
300 _aXXII, 980P.
500 _aINCLUDES INDEX
650 _a1. MICROBIOLOGY
700 _aSHERWOOD, LINDA
942 _2lcc
_cBK
999 _c216231
_d216231